000 00878cam a22002893a 4500
001 0000666
003 DO-SdBNP
005 20171113094131.0
007 0000666
008 861112 2006 pe c 000 0 spa d
010 _a
020 _a9972209067
040 _aBPMSU
_cspa
_dBPMSU
_d
082 4 _a747
_bV468i
245 0 0 _aIdeas prácticas en decoración /
_ctexto Anna Ventura
260 _aLima, Peru:
_bLexus,
_c2006.
300 _a199 p. :
_bretratos
_c35 cm.
500 _a
505 2 _tIntroducción --
_tLas telas --
_tLos pavimentos --
_tLos revestimientos --
_tLos colores --
_tIluminación de un espacio --
600 0 0 _a
_x
650 4 _aDECORACIÓN DE INTERIORES
700 1 2 _eGonzaléz, Susana
910 _aValidado. Control de calidad MFF
942 _2ddc
_cBK
945 _aInventariado extranjero / 2017 VM
956 _2YLOCKWARD
_310
_8BPMSU
999 _c11354
_d11354